| 000 | 00478 a2200181 4500 | ||
|---|---|---|---|
| 003 | OSt | ||
| 005 | 20231127161442.0 | ||
| 008 | 231127b |||||||| |||| 00| 0 eng d | ||
| 020 | _a9788131262092 | ||
| 040 | _coclc | ||
| 082 |
_a599.935 _bGAN/H |
||
| 100 | 1 |
_aGangane, S. D. _99957 |
|
| 245 |
_aHuman genetics / _cSD Gangane |
||
| 250 | _a6th ed. | ||
| 260 |
_bElsevier, _c2022. |
||
| 300 | _a278p | ||
| 942 |
_2ddc _cBK _h599.935 _iGAN/H _k599.935 _mGAN/H |
||
| 999 |
_c43697 _d43697 |
||